00294nam a2200109 a 4500008004100000050001500041100001500056245005600071260003300127300001500160350000900175120416s1970 ||||||||||||||||| || u aTA 330 Dea aDean, K. J10aFundamentals of engineering science and mathematics aHarmondsworthbPenguinc1970 a2v. : ill. a0.00